Investment management and security analysis : (Record no. 4501)

MARC details
000 -LEADER
fixed length control field 00584 a2200181 4500
010 ## - LCCN (DPL NO)
LC control number ENG-86358
020 ## - INTERNATIONAL STANDARD BOOK NUMBER
International Standard Book Number 140392967X
Terms of availability 220.00
035 ## - SYSTEM CONTROL NUMBER
System control number EN-69891
037 ## - SOURCE OF ACQUISITION
Source of stock number/acquisition DBAD / PUB
082 14 - DEWEY DECIMAL CLASSIFICATION NUMBER
Classification number 332.632
100 1# - MAIN ENTRY--PERSONAL NAME
Personal name Khatri, Dhanesh Kumar
245 1# - TITLE STATEMENT
Title Investment management and security analysis :
Statement of responsibility, etc by Dhanesh Kumar Khatri
Remainder of title text and cases /
260 ## - PUBLICATION, DISTRIBUTION, ETC. (IMPRINT)
Place of publication, distribution, etc New Delhi
Name of publisher, distributor, etc Macmillan India
Date of publication, distribution, etc 2006
270 ## - ADDRESS
Address 2/10, Ansari Road, Daryagnaj
City New Delhi
Postal code 110 002
300 ## - PHYSICAL DESCRIPTION
Extent x, 265 p.
Dimensions 24cm. (Pbk.)
500 ## - GENERAL NOTE
General note Includes index
942 ## - ADDED ENTRY ELEMENTS (KOHA)
Institution code [OBSOLETE] dpl
Item type English Books
Source of classification or shelving scheme Dewey Decimal Classification
Classification part 332.632
Call number suffix KHA
Holdings
Withdrawn status Lost status Not for loan Collection code Home library Current library Source of acquisition Cost, normal purchase price Full call number Barcode Copy number Cost, replacement price Koha item type
    Not For Loan Non-fiction D.B.Act.Division D.B.Act.Division DBAD/PUB 220.00 332.632 KHA EN-69891 1 220.00 English Books

© Delhi Public Library
Hit Counter
free hit counter